00667nam a2200217Ia 4500001000900000003000500009005001700014008004100031010001100072040000900083082002000092100002000112245017600132250001100308260003200319300001100351440004100362503000600403650001200409650002800421dia_2802CHAP20230508111148.0220117s1964 xx 000 0 und d a173302 cCHAP a664.15 R65 1964 aRollin, Edmundo aElaboración de chocolate y bombones : estudio del cacao y examen de sus distintas calidades, elaboración del cacao en polvo y la manteca de cacao /c Edmundo Rollín a2a ed. aEspaña :b Sintes,c1964 a151 p. aSelecta enciclopedia práctica ; 46 aD aCocoa  aIndustria del chocolate